000
00204 a2200097 4500
001
2624
100
_a
Nkrumach, K.
245
_a
The auto biography
260
_a
_b
Thomsas nelson
_c
090
_c
1921
_d
1921
942
_a
NUST-CAE
_c
M
_c
10236
999
_c
237697
_d
237697